<?xml version="1.0" encoding="UTF-8"?>
<collection xmlns="http://www.loc.gov/MARC21/slim">
<record>
  <controlfield tag="001">111484</controlfield>
  <controlfield tag="005">20220309093119.0</controlfield>
  <datafield tag="037" ind1=" " ind2=" ">
    <subfield code="a">TAZ-TFG-2020-629</subfield>
  </datafield>
  <datafield tag="041" ind1=" " ind2=" ">
    <subfield code="a">spa</subfield>
  </datafield>
  <datafield tag="100" ind1="1" ind2=" ">
    <subfield code="a">Sirera Rus, Ana Belén</subfield>
  </datafield>
  <datafield tag="242" ind1="0" ind2="0">
    <subfield code="a">Amebosis, giardiosis and cryptosporidiosis in Aragon during 2012-2018. Nacional and global position.</subfield>
  </datafield>
  <datafield tag="245" ind1="0" ind2="0">
    <subfield code="a">Amebosis, giardiosis y cryptosporidiosis en Aragón durante 2012-2018. Posición nacional y mundial.</subfield>
  </datafield>
  <datafield tag="260" ind1=" " ind2=" ">
    <subfield code="a">Zaragoza</subfield>
    <subfield code="b">Universidad de Zaragoza</subfield>
    <subfield code="c">2020</subfield>
  </datafield>
  <datafield tag="506" ind1=" " ind2=" ">
    <subfield code="a">by-nc-sa</subfield>
    <subfield code="b">Creative Commons</subfield>
    <subfield code="c">3.0</subfield>
    <subfield code="u">http://creativecommons.org/licenses/by-nc-sa/3.0/</subfield>
  </datafield>
  <datafield tag="520" ind1=" " ind2=" ">
    <subfield code="a">Cryptosporidium, Giardia y Entamoeba histolytica son protozoos intestinales que cursan con cuadros diarreicos, aunque también pueden tener manifestaciones extraintestinales. Se encuentran ampliamente distribuidos a nivel mundial, independientemente del nivel socioeconómico y la geografía.&lt;br />El objetivo de este trabajo es determinar si datos y bibliografía, demuestran la presencia de cryptosporidiosis, giardiosis y amebosis en nuestra Comunidad Autónoma y su posición a nivel nacional e internacional.&lt;br />Se utilizaron los datos públicos de los casos declarados de estos parásitos en España, Europa, Estados Unidos y México durante los años 2012-2018. Posteriormente, se realizó una revisión bibliográfica de las enfermedades citadas durante ese mismo periodo de tiempo.&lt;br />Los resultados obtenidos del análisis de los datos, determinan que Aragón se encuentra entre las tasas más altas de nuestro país, superando la media nacional e incluso la internacional de países endémicos de estas enfermedades como México. De la búsqueda bibliográfica se obtuvieron 32 artículos.&lt;br />Pese a ser Enfermedades de Declaración Obligatoria en nuestro país y aunque cursen con mucha frecuencia de forma asintomática, son comúnmente olvidadas en el diagnóstico diferencial, aumentando así la diseminación de estos protozoos.&lt;br />La amebosis causada por Entamoeba histolytica es endémica en México, suponiendo así que la mayoría de los casos de nuestro país son importados. Cryptosporidium y Giardia afectan en especial a los niños menores de 5 años, llegando a suponer un riesgo en su salud. El otro gran grupo de riesgo de estas parasitosis son los pacientes VIH +.&lt;br />Los brotes de parasitosis producidas por estos protozoos se asocian con frecuencia a transmisión hídrica, debido a que los métodos convencionales de las plantas de depuración no son suficientes para eliminar sus (oo)quistes o por problemas técnicos en la potabilización de las aguas.&lt;br />En España Entamoeba histolytica se diagnostica escasamente; para Cryptosporidium y Giardia en toda España se observa un aumento de casos en los años 2012, 2015 y 2018. Aragón declara de forma constante mientras que otras muchas Comunidades que no lo hacen.&lt;br />La revisión bibliográfica ha demostrado que los métodos de depuración son efectivos disminuyendo la concentración de estos parásitos, pero no los erradican por completo, diseminándose así en nuestro medio.&lt;br />&lt;br /></subfield>
  </datafield>
  <datafield tag="521" ind1=" " ind2=" ">
    <subfield code="a">Graduado en Medicina</subfield>
  </datafield>
  <datafield tag="540" ind1=" " ind2=" ">
    <subfield code="a">Derechos regulados por licencia Creative Commons</subfield>
  </datafield>
  <datafield tag="700" ind1=" " ind2=" ">
    <subfield code="a">Goñi Cepero, María Pilar</subfield>
    <subfield code="e">dir.</subfield>
  </datafield>
  <datafield tag="710" ind1="2" ind2=" ">
    <subfield code="a">Universidad de Zaragoza</subfield>
    <subfield code="b">Microbiología, Medicina Preventiva y Salud Pública</subfield>
    <subfield code="c">Parasitología</subfield>
  </datafield>
  <datafield tag="856" ind1="0" ind2=" ">
    <subfield code="f">699910@unizar.es</subfield>
  </datafield>
  <datafield tag="856" ind1="4" ind2=" ">
    <subfield code="s">2404029</subfield>
    <subfield code="u">http://zaguan.unizar.es/record/111484/files/TAZ-TFG-2020-629.pdf</subfield>
    <subfield code="y">Memoria (spa)</subfield>
  </datafield>
  <datafield tag="909" ind1="C" ind2="O">
    <subfield code="o">oai:zaguan.unizar.es:111484</subfield>
    <subfield code="p">driver</subfield>
    <subfield code="p">trabajos-fin-grado</subfield>
  </datafield>
  <datafield tag="950" ind1=" " ind2=" ">
    <subfield code="a"></subfield>
  </datafield>
  <datafield tag="980" ind1=" " ind2=" ">
    <subfield code="a">TAZ</subfield>
    <subfield code="b">TFG</subfield>
    <subfield code="c">MED</subfield>
  </datafield>
  <datafield tag="999" ind1=" " ind2=" ">
    <subfield code="a">20200520102440.CREATION_DATE</subfield>
  </datafield>
  <datafield tag="951" ind1=" " ind2=" ">
    <subfield code="a">deposita:2022-03-09</subfield>
  </datafield>
</record>
</collection>